Library of the University of Algiers 3
Ibrahim Sultan Cheibout
شعار جامعة الجزائر 3
مكتبة جامعة الجزائر 3
إبراهيم سلطان شيبوط

النقود الإلكترونية / (رقم التسجيلة. 45650)

تفاصيل مارك
000 -LEADER
fixed length control field 01248nam a2200217Ia 4500
003 - CONTROL NUMBER IDENTIFIER
control field Ost
005 - DATE AND TIME OF LATEST TRANSACTION
control field 20260507075653.0
008 - FIXED-LENGTH DATA ELEMENTS--GENERAL INFORMATION
fixed length control field 260507s9999||||xx |||||||||||||| ||und||
040 ## - CATALOGING SOURCE
Transcribing agency fsecg
041 ## - LANGUAGE CODE
Language code of text/sound track or separate title ara
082 ## - DEWEY DECIMAL CLASSIFICATION NUMBER
Classification number 343.0320285
100 ## - MAIN ENTRY--PERSONAL NAME
Personal name الجنبيهى، منير محمد
Relator term مؤلف
245 #0 - TITLE STATEMENT
Title النقود الإلكترونية /
Statement of responsibility, etc. منير محمد الجنبيهى
260 ## - PUBLICATION, DISTRIBUTION, ETC.
Place of publication, distribution, etc. الإسكندرية:
Name of publisher, distributor, etc. دار الفكر الجامعي,
Date of publication, distribution, etc. 2005
300 ## - PHYSICAL DESCRIPTION
Extent 152 صفحة؛
Other physical details إيضاحات ؛
Dimensions 24 سم
520 ## - SUMMARY, ETC.
Summary, etc. مقدمة عن تاريخ شبكة الانترنت- انتشار النقود البلاستيكية- الضوابط الرقابية للعمليات المصرفية الإلكترونية وإصدار وسائل دفع الألكتروني- قانون النموذجي الخاص بالتجارة الإلكترونية- شرح مواد قانون الأونسترال النموذجي الخاص بالتجارة الإلكترونية- سجل تطورات القانون النموذجي وخلفيته.
653 ## - INDEX TERM--UNCONTROLLED
Uncontrolled term الأنترنت
653 ## - INDEX TERM--UNCONTROLLED
Uncontrolled term النقود- قوانين وتشريعات- مصر
700 ## - ADDED ENTRY--PERSONAL NAME
Personal name الجنبيهي، ممدوح محمد
Relator term مؤلف ثانوي
942 ## - ADDED ENTRY ELEMENTS (KOHA)
Koha item type كتب

لا توجد مواد متاحة.

موارد الويب المفتوحة


© University of Algiers 3 All Rights Reserved
|
Implemented by LECHELAH Riad